Казакова И. О сортировке овец и других хозяйственных делах

Доступно только в Электронных читальных залах Найти на картеНа карте
RUSMARC
00004268nac2a22002893x 450
001e5e28a8c-c68a-44d4-a891-ced6914e9947
00520211210154954.0
100##$a20211120l19061912k y0rusy50 ca
1010#$arus
102##$aRU
105##$ay z |||||
1222#$ad19060823
$ad19120806
2001#$aКазакова И. О сортировке овец и других хозяйственных делах
$j23 августа 1906 - 06 августа 1912
215##$a5 листов
251##$cДело
300##$aЗаголовок дела на папке: Письма Казакова И. - Звегинцеву Ал. Ив. (О сортировке овец и других хозяйственных делах)
300##$aНа папке дела: 23 августа 1906-1907, 1909, 1912 - 6 августа
300##$aРукописный текст
330##$aВходит в раздел описи: 1. Письма к А. И. Звегинцову. 3/ Письма имущественно-хозяйственного характера
461#0$1001fc48e33c-c630-4015-85dd-2f2aab656f45
$12001
$aЗвегинцев Александр Иванович, помещик Воронежской губернии, депутат III Государственной думы, член партии "Союз 17 октября"
$1251
$cФонд
$1852
$j932
462#0$1001ddcf82e7-7bd9-4c5e-b7f1-85df8b3febb3
$12001
$aДела постоянного хранения. 1899-1913 гг.
$vД. 524
$1251
$cОпись
$1852
$j1
5171#$aПисьма Казакова И. - Звегинцеву Ал. Ив. (О сортировке овец и других хозяйственных делах)
600#1$aЗвегинцев
$bА. И.
$gАлександр Иванович
600#1$aКазаков
$bИ.
801#0$aRU
$bGA_RF
801#1$aRU
$bГлавНИВЦ
$c20211120
$2rusmarc
801#2$aRU
$bПБ им. Б.Н. Ельцина
$c20211210
$gRCR
$2rusmarc
852##$aГА РФ
$j524
937##$d171438098
$hГАРФ
035##$aRuPRLIB51062767
856##$uhttp://readingroom.main.prlib.ru/item.aspx?id_node=n171438098&mode=full
Формат отображения